Developments in thin-walled structures.-2-
Uložené v:
| Médium: | Kniha |
|---|---|
| Jazyk: | English |
| Vydavateľské údaje: |
London :
Elsevier,
1984
|
| Edícia: | The Developments Series
|
| Tagy: |
Žiadne tagy, Buďte prvý, kto otaguje tento záznam!
|
MARC
| LEADER | 00000nam a22000003a 4500 | ||
|---|---|---|---|
| 001 | stu29275 | ||
| 005 | 20150408175934.1 | ||
| 008 | 950607s1984----uk------------------eng-d | ||
| 020 | |a 0-85334-247-4 | ||
| 040 | |a STU |b slo | ||
| 041 | 0 | |a eng | |
| 044 | |a uk | ||
| 080 | |a 624.1 | ||
| 245 | |a Developments in thin-walled structures.-2- | ||
| 260 | |a London : |b Elsevier, |c 1984 | ||
| 300 | |a 10,244 s | ||
| 830 | 0 | |a The Developments Series | |
| 996 | |b 284V027397 |c V*43461/O-18851 |l VVT |s A |a 24 |w stu29275_0001 | ||
| 996 | |b 284V027398 |c V*43462/O-18851a |l VVT |s A |a 24 |w stu29275_0002 | ||